Les Vies vides : Notre besoin de reconnaissance est impossible à rassasier (notice n° 1567499)
[ vue normale ]
| 000 -LEADER | |
|---|---|
| fixed length control field | 01413cam a2200133 4500500 |
| 005 - DATE AND TIME OF LATEST TRANSACTION | |
| control field | 20251214002818.0 |
| 041 ## - LANGUAGE CODE | |
| Language code of text/sound track or separate title | fre |
| 042 ## - AUTHENTICATION CODE | |
| Authentication code | dc |
| 100 10 - MAIN ENTRY--PERSONAL NAME | |
| Personal name | Godart, Elsa |
| Relator term | author |
| 245 00 - TITLE STATEMENT | |
| Title | Les Vies vides : Notre besoin de reconnaissance est impossible à rassasier |
| 260 ## - PUBLICATION, DISTRIBUTION, ETC. | |
| Name of publisher, distributor, etc. | Armand Colin,<br/> |
| Date of publication, distribution, etc. | 2023.<br/> |
| 520 ## - SUMMARY, ETC. | |
| Summary, etc. | De l’anonyme le plus discret au professeur le plus admiré, nombre d’entre nous cherche son quart d’heure de gloire. Ce penchant, exposé, exploité et nourri par la présence des médias et des réseaux sociaux dans notre quotidien devient un phénomène de société majeur. Quelle est l’origine de ce besoin de visibilité, de cette quête insatiable de notoriété, de cette soif inextinguible de reconnaissance ? Après quoi court ce monde qui tourne autour de la popularité ?Pour répondre à ces questions, Elsa Godart en appelle à la philosophie. Elle sonde les caractéristiques typiques d’une époque exhibitionniste et développe l’idée selon laquelle cette quête de célébrité, et plus largement de « reconnaissance », cache le vide de nos vies, nos manques-à-être, nos absences, nos vacuités, nos disparitions, nos oublis et nos contresens. Mais plutôt que de chercher à exister à tout prix, ne serait-il pas temps de recommencer à vivre ? |
| 856 41 - ELECTRONIC LOCATION AND ACCESS | |
| Uniform Resource Identifier | <a href="https://shs.cairn.info/les-vies-vides--9782200633844?lang=fr&redirect-ssocas=7080">https://shs.cairn.info/les-vies-vides--9782200633844?lang=fr&redirect-ssocas=7080</a> |
Pas d'exemplaire disponible.




Réseaux sociaux